Environmental scince & engineering / (Record no. 41701)
[ view plain ]
| 000 -LEADER | |
|---|---|
| fixed length control field | 00699nam a22002177a 4500 |
| 005 - DATE AND TIME OF LATEST TRANSACTION | |
| control field | 20100813150344.0 |
| 010 ## - LCCN (DPL NO) | |
| LC control number | ENG-100183 |
| 020 ## - INTERNATIONAL STANDARD BOOK NUMBER | |
| International Standard Book Number | 9788190715379 |
| Terms of availability | 165.00 |
| 035 ## - SYSTEM CONTROL NUMBER | |
| System control number | EN-83715 |
| 037 ## - SOURCE OF ACQUISITION | |
| Stock number | DBAD/PUB |
| 082 ## - DEWEY DECIMAL CLASSIFICATION NUMBER | |
| Classification number | 628 |
| 100 ## - MAIN ENTRY--PERSONAL NAME | |
| Personal name | A. Ravikrishnan |
| 245 ## - TITLE STATEMENT | |
| Title | Environmental scince & engineering / |
| Statement of responsibility, etc | by A. Ravikrishnan |
| 260 ## - PUBLICATION, DISTRIBUTION, ETC. (IMPRINT) | |
| Place of publication, distribution, etc | Vindavasi |
| Name of publisher, distributor, etc | Thruvalluvar Publications |
| Date of publication, distribution, etc | 2008 |
| 270 ## - ADDRESS | |
| Address | Arunachal City, Chetpet Road, |
| City | Vindavasi |
| Postal code | 604505 |
| 300 ## - PHYSICAL DESCRIPTION | |
| Extent | verious pegings |
| Dimensions | 18cm (Pbk) |
| 700 ## - ADDED ENTRY--PERSONAL NAME | |
| 9 (RLIN) | 12834 |
| 700 ## - ADDED ENTRY--PERSONAL NAME | |
| 9 (RLIN) | 12835 |
| 942 ## - ADDED ENTRY ELEMENTS (KOHA) | |
| Source of classification or shelving scheme | Dewey Decimal Classification |
| Item type | English Books |
| Classification part | 628 |
| Call number suffix | ARA |
| Withdrawn status | Lost status | Not for loan | Collection code | Home library | Current library | Date acquired | Cost, normal purchase price | Full call number | Barcode | Copy number | Cost, replacement price | Koha item type |
|---|---|---|---|---|---|---|---|---|---|---|---|---|
| Not For Loan | Non-fiction | D.B.Act.Division | D.B.Act.Division | 13/08/2010 | 165.00 | 628 ARA | EN-83715 | 1 | 165.00 | English Books |
